Ecumenism and the Bible
Gardado en:
| Autor Principal: | |
|---|---|
| Formato: | Libro |
| Idioma: | inglés |
| Publicado: |
Amsterdam
The International Council of Christian Churches Headquarters
1954
|
| Subjects: | |
| Tags: |
Engadir etiqueta
Sen Etiquetas, Sexa o primeiro en etiquetar este rexistro!
|
MARC
| LEADER | 00000nam a2200000 a 4500 | ||
|---|---|---|---|
| 001 | UCH8960 | ||
| 003 | CL-VaPUC | ||
| 008 | 091217e19540000NE |||||||||||||||||eng|d | ||
| 082 | 0 | 4 | |a 280.042 |b HED |2 21 |
| 100 | 0 | |a Hedegard, David |e author |9 545740 | |
| 245 | 1 | 0 | |a Ecumenism and the Bible |
| 300 | |a 251 p | ||
| 942 | |c BK | ||
| 945 | |d 20091217 00:00:00 |a rbrito | ||
| 260 | |a Amsterdam |b The International Council of Christian Churches Headquarters |c 1954 | ||
| 650 | 0 | |a Ecumenismo |9 255639 | |
| 650 | 0 | |a Biblia |9 257603 | |
| 583 | |a last modification |c 20091217 00:00:00 |k Rodrigo Vera | ||
| 999 | |c 339039 |d 339037 | ||
| 952 | |0 0 |1 0 |4 0 |6 280_042000000000000_HED_1954 |7 0 |8 A |9 432408 |a BIBTEO |b BIBTEO |d 2019-11-22 |i 4611616 |o 280.042 HED 1954 |p 4611616 |r 2025-01-17 |w 2019-11-22 |y BK |k ICR | ||